|
|
|
|
| LEADER |
00817nab a2200217 i 4500 |
| 001 |
misc48247 |
| 005 |
20211025161024.0 |
| 008 |
200416s1982 hu o 0|| hun d |
| 022 |
|
|
|a 0133-025X
|
| 040 |
|
|
|a SZTE Miscellanea Repozitórium
|b hun
|
| 041 |
|
|
|a hun
|
| 100 |
1 |
|
|a Szegfű László
|
| 245 |
1 |
0 |
|a III. Béla és Szeged [könyvismertetés]
|h [elektronikus dokumentum] /
|c Szegfű László
|
| 260 |
|
|
|a Csongrád megyei Lapkiadó Vállalat
|b Szeged
|c 1982
|
| 300 |
|
|
|a 4
|
| 490 |
0 |
|
|a Délmagyarország : az MSZMP Szeged Városi Bizottságának lapja
|v 72 No. 1
|
| 561 |
|
|
|a Kristó Gyula újságkivágatok
|
| 695 |
|
|
|a Magyarország története - 12. sz. - könyvismertetés, III. Béla
|
| 700 |
0 |
1 |
|a Kristó Gyula
|
| 700 |
0 |
1 |
|a Makk Ferenc
|
| 856 |
4 |
0 |
|u http://misc.bibl.u-szeged.hu/48247/1/114.pdf
|z Dokumentum-elérés
|